000 00353nam a2200169Ia 4500
100 _aJoshi/Gangadhar
650 _aGeneral
942 _cBK
366 _f25
654 _acorporate
245 _aCampus to corporate : Your roadmap to employability
260 _bsage
_c2015
082 _bJOS
300 _a220
546 _aENGLISH
999 _c22887
_d22887